| 000 | 00962nas a2200313 4500 | ||
|---|---|---|---|
| 001 | BR2014008178 | ||
| 003 | BR-BrBNA | ||
| 005 | 20231205124905.0 | ||
| 007 | ta | ||
| 008 | 230509b bl.|||p| |||| 00| 00por d | ||
| 040 |
_aBR-BrBNA _bpor _cBiblioteca Nacional de Agricultura |
||
| 041 | _a(En) | ||
| 072 | _aF30 | ||
| 100 | 1 | _aPaula, C.M.P. de | |
| 100 | 1 | _aTechio, V.H. | |
| 100 | 1 | _aBenites, F.R.G. | |
| 100 | 1 | _aSouza Sobrinho, F. de | |
| 245 | 1 | _aIntra-inflorescence pollen viability in accessions of Brachiaria ruziziensis | |
| 650 | _aGRÃO | ||
| 650 | _aPOLÉN | ||
| 650 | _aFERTILIDADE | ||
| 650 | _aPLANTA FORRAGEIRA | ||
| 650 | _aGRAMÍNEA FORRAGEIRA | ||
| 650 | _aVARIEDADE RESISTENTE | ||
| 650 | _aMELHORAMENTO GENÉTICO VEGETAL | ||
| 773 | 0 |
_tActa Scientiarum. Biological Science (Brazil) _xISSN 1679-9283 _g(Apr-Jun 2014), v. 36(2) p. 209-213 _wBR2014008178 |
|
| 909 |
_a202311 _bLúcia _c55 _dLúcia Elande |
||
| 942 |
_2AGRIS _n0 _cANA |
||
| 999 |
_c241456 _d241456 |
||